000
00245nmm a2200085Ia 4500
008
220120s9999||||xx |||||||||||||||||und||
100
_a
PCQ
245
0
_a
10 best data recovery software, 4 key developer software upd
260
_a
Cyber media Pvt. Ltd.
999
_c
139800
_d
139800